Dalek Stories Quiz Stats

 Plays Quiz not verified by Sporcle

Challenge
Share
Tweet
Embed
Score 0/33 Timer 15:00
0 Plays Today
Doctor Episode % Correct
Ninth DoctorDalek
100%
First DoctorThe Daleks
89.5%
Fourth DoctorGenesis of the Daleks
89.5%
Ninth DoctorBad Wolf
89.5%
Ninth DoctorThe Parting of the Ways
89.5%
Tenth DoctorDoomsday
89.5%
Third DoctorDay of the Daleks
84.2%
Tenth DoctorDaleks in Manhattan
84.2%
Tenth DoctorJourney's End
84.2%
Eleventh DoctorAsylum of the Daleks
84.2%
Eleventh DoctorThe Day of the Doctor
84.2%
First DoctorThe Dalek Invasion of Earth
78.9%
Fourth DoctorDestiny of the Daleks
78.9%
Seventh DoctorRemembrance of the Daleks
78.9%
Tenth DoctorArmy of Ghosts
78.9%
Eleventh DoctorVictory of the Daleks
78.9%
Eleventh DoctorThe Time of the Doctor
78.9%
Doctor Episode % Correct
First DoctorThe Chase
73.7%
First DoctorThe Daleks' Master Plan
73.7%
Third DoctorPlanet of the Daleks
73.7%
Fifth DoctorResurrection of the Daleks
73.7%
Tenth DoctorEvolution of the Daleks
73.7%
Tenth DoctorThe Stolen Earth
73.7%
Second DoctorThe Power of the Daleks
68.4%
Second DoctorThe Evil of the Daleks
68.4%
Third DoctorDeath to the Daleks
68.4%
Sixth DoctorRevelation of the Daleks
68.4%
Eleventh DoctorThe Pandorica Opens
68.4%
Eleventh DoctorThe Big Bang
68.4%
Twelfth DoctorInto the Dalek
68.4%
-Mission to the Unknown
57.9%
Twelfth Doctor The Magician's Apprentice
52.6%
Twelfth DoctorThe Witch's Familiar
52.6%

You're not logged in!

Compare scores with friends on all Sporcle quizzes.
OR
Log In

You Might Also Like...

Show Comments

Extras

Created May 5, 2016ReportNominate
Tags:dale, dalek, doctor, episode, story

Top Quizzes Today


Score Distribution

Your Account Isn't Verified!

In order to create a playlist on Sporcle, you need to verify the email address you used during registration. Go to your Sporcle Settings to finish the process.

Report this User

Report this user for behavior that violates our Community Guidelines.

Details: